000 00760nas a2200253Ia 4500
001 R703/49207
003 IT-RoPAU
008 151124c99999999xx |||||||||||| ||und||
040 _aIT-RoPAU
040 _cIT-RoPAU
041 _aFRANCESE
100 _aTodorov Tzvetan
_gCodice Aut. SPICS: 714
210 _aSEMIOTICA
222 _aSemiotica
245 _aSEMIOTICA, VOL.01-N.3 (1969)
_bNote Sur Le Langage Poetique
250 _a1a ed.
260 _aLA HAYE
_bMOUTON & CO
_c1969
501 _bPaulus - SPICS - Società San Paolo EM (non-commercial uses only)
_cCopyright2015
300 _a7 p. [322-328]
362 _aVOL.01, N.03 (1969)
500 _aNota Sul Linguaggio Poetico.
650 _aSEMIOTICA
_vPUBBLICAZIONE PERIODICA
942 _cCR
999 _c181758
_d181758